Les Pokémon de la 2G - Statistiques

Statistiques générales
  • Ce quiz a été pris 104 fois
  • Le résultat moyen est 78 sur 100
Statistiques - réponses
Numéro Nom % Correct
158 Kaiminus
100%
160 Aligatueur
98%
157 Typhlosion
98%
156 Feurisson
96%
152 Germignon
96%
155 Héricendre
96%
249 Lugia
96%
154 Méganium
96%
159 Crocrodil
94%
250 Ho-Oh
94%
163 Hoothoot
94%
251 Celebi
92%
244 Entei
92%
153 Macronium
92%
164 Noarfang
92%
245 Suicune
92%
168 Migalos
90%
172 Pichu
90%
243 Raikou
90%
248 Tyranocif
90%
162 Fouinar
88%
161 Fouinette
88%
196 Mentali
88%
167 Mimigal
88%
197 Noctali
88%
241 Écrémeuh
85%
239 Élekid
85%
246 Embrylex
85%
208 Steelix
85%
229 Démolosse
83%
180 Lainergie
83%
240 Magby
83%
228 Malosse
83%
173 Mélo
83%
181 Pharamp
83%
175 Togepi
83%
247 Ymphect
83%
165 Coxy
81%
237 Kapoera
81%
171 Lanturn
81%
170 Loupio
81%
176 Togetic
81%
166 Coxyclaque
79%
236 Debugant
79%
177 Natu
79%
169 Nostenfer
79%
199 Roigada
79%
174 Toudoudou
79%
179 Wattouat
79%
178 Xatu
79%
242 Leuphorie
77%
220 Marcacrin
77%
214 Scarhino
77%
212 Cizayox
75%
215 Farfuret
75%
200 Feuforêve
75%
205 Foretress
75%
218 Limagma
75%
204 Pomdepik
75%
219 Volcaropod
75%
201 Zarbi
75%
221 Cochignon
73%
189 Cotovol
73%
188 Floravol
73%
230 Hyporoi
73%
238 Lippouti
73%
207 Scorplane
73%
186 Tarpaud
73%
194 Axoloto
71%
187 Granivol
71%
182 Joliflor
71%
195 Maraiste
71%
233 Porygon2
71%
227 Airmure
69%
232 Donphan
69%
192 Héliatronc
69%
231 Phanpy
69%
185 Simularbre
69%
226 Démanta
67%
206 Insolourdo
67%
223 Rémoraid
67%
191 Tournegrin
67%
184 Azumarill
65%
190 Capumain
65%
213 Caratroc
65%
198 Cornèbre
65%
183 Marill
65%
224 Octillery
65%
202 Qulbutoké
65%
203 Girafarig
63%
210 Granbull
60%
235 Queulorior
60%
211 Qwilfish
60%
209 Snubbull
60%
193 Yanma
60%
225 Cadoizo
58%
216 Teddiursa
58%
217 Ursaring
58%
234 Cerfrousse
56%
222 Corayon
56%
Aucun quiz correspondant
Distribution des résultats
% des personnes avec chaque résultat
Percentile par nombre de réponses
Votre historique - résultats
Vous n’avez pas pris ce quiz